000 00538nam a22001817a 4500
005 20170315103526.0
010 _aENG-117483
020 _a9789389395327
_c675.00
035 _aEN-101015
037 _bDBAD/PUB
082 _a070.4
100 _aKohli, Manish
245 _aAdvanced journalism /
_cby Manish Kohli
260 _aAllahbad
_bSampark prakashan
_c2016
270 _a5/7, Upendra Nath Ashk Marg, Old khusro Bagh Road
_bAllahbad
_e211001
300 _a224p.
_b23cm(Hb)
_cill
942 _2ddc
_cEN
_h070.4
_mKOH
999 _c138262
_d138262